Basic electrical engineering (Record no. 7166)

000 -LEADER
fixed length control field 00658nam a2200217 4500
001 - CONTROL NUMBER
control field 7166
003 - CONTROL NUMBER IDENTIFIER
control field BD-DhUET
008 - FIXED-LENGTH DATA ELEMENTS--GENERAL INFORMATION
fixed length control field 740521s1975 nyua 001 0 eng
020 ## - INTERNATIONAL STANDARD BOOK NUMBER
International Standard Book Number 0070211523
040 ## - CATALOGING SOURCE
Original cataloging agency DLC
Transcribing agency DLC
Modifying agency BD-DhUET
082 00 - DEWEY DECIMAL CLASSIFICATION NUMBER
Classification number 623
Item number FIT/1975
100 1# - MAIN ENTRY--PERSONAL NAME
Personal name Fitzgerald, A. E.
245 10 - TITLE STATEMENT
Title Basic electrical engineering
Remainder of title circuits,electronics,machines,control
Statement of responsibility, etc. by A. E. Fitzgerald, David E. Higginbotham and Arvin Grabel
250 ## - EDITION STATEMENT
Edition statement 4th ed.
260 ## - PUBLICATION, DISTRIBUTION, ETC. (IMPRINT)
Place of publication, distribution, etc. New York
Name of publisher, distributor, etc. McGraw-Hill
Date of publication, distribution, etc. 1975
300 ## - PHYSICAL DESCRIPTION
Extent xiv, 817 p.
Other physical details illus.
Dimensions 24 cm.
650 #0 - SUBJECT ADDED ENTRY--TOPICAL TERM
Topical term or geographic name as entry element Electricity : Engineering
700 ## - ADDED ENTRY--PERSONAL NAME
Personal name Higginbotham, David E.
700 ## - ADDED ENTRY--PERSONAL NAME
Personal name Grabel, Arvin
942 ## - ADDED ENTRY ELEMENTS (KOHA)
Koha item type General Book
Holdings
Sublocation or collection (holding branch) Source of classification or shelving scheme Koha full call number Price effective from Koha issues (times borrowed) Koha date last seen Not for loan Koha date last borrowed Location (home branch) Damaged status Withdrawn status Copy number Lost status Shelving location Piece designation (barcode) Koha item type Date acquired Koha normalized classification for sorting
Central Library, BUET 623/PIT/19752014-12-0712018-08-04 2018-07-21Central Library, BUET  1 Circulation section65364General Book2014-12-07623PIT1975
Central Library, BUET 623/PIT/19752015-03-12 2015-03-12  Central Library, BUET  2 Circulation section43309General Book2015-03-12623_000000000000000_PIT_1975
Central Library, BUET 623/PIT/19752015-03-12 2015-03-12  Central Library, BUET  3 Circulation section43314General Book2015-03-12623_000000000000000_PIT_1975
Central Library, BUET 623/PIT/19752015-03-12 2015-03-12  Central Library, BUET  4 Circulation section43676General Book2015-03-12623_000000000000000_PIT_1975
Central Library, BUET 623/PIT/19752015-03-12 2015-03-12  Central Library, BUET  5 Circulation section42843General Book2015-03-12623_000000000000000_PIT_1975
Central Library, BUET 623/FIT/19752015-04-16 2015-04-16  Central Library, BUET  6 Circulation section43308General Book2015-04-16623_000000000000000_FIT_1975
Central Library, BUET 623/FIT/19752015-04-18 2015-04-18  Central Library, BUET  7 Circulation section43316General Book2015-04-18623_000000000000000_FIT_1975
Central Library, BUET 623/FIT/19752015-04-21 2015-04-21  Central Library, BUET  8 Circulation section43310General Book2015-04-21623_000000000000000_FIT_1975
Central Library, BUET 623/FIT/19752015-04-21 2015-04-21  Central Library, BUET  9 Circulation section43677General Book2015-04-21623_000000000000000_FIT_1975
Central Library, BUET 623/FIT/19752015-04-21 2015-04-21  Central Library, BUET  10 Circulation section43313General Book2015-04-21623_000000000000000_FIT_1975
Central Library, BUET 623/FIT/19752015-04-21 2015-04-21  Central Library, BUET  11 Circulation section43307General Book2015-04-21623_000000000000000_FIT_1975
Central Library, BUET 623/FIT/19752015-04-21 2015-04-21  Central Library, BUET  12 Circulation section51101General Book2015-04-21623_000000000000000_FIT_1975
Central Library, BUET 623/FIT/19752015-06-28 2015-06-28  Central Library, BUET  13 Reading section42841Reading Item2015-06-28623_000000000000000_FIT_1975
Central Library, BUET 623/FIT/19752015-06-28 2015-06-28  Central Library, BUET  14 Reading section42840Reading Item2015-06-28623_000000000000000_FIT_1975
Central Library, BUET 623/FIT/19752015-06-28 2015-06-28  Central Library, BUET  15 Reading section43679Reading Item2015-06-28623_000000000000000_FIT_1975